000 00782nam a22002297a 4500
003 URS
005 20240821224759.0
008 240821b |||||||| |||| 00| 0 eng d
020 _a978-0-7216-0374-2
040 _bEnglish
_cURS
_erda
050 0 0 _bRT120.I5
_aSch86 2006
100 _aSchumacher, Lori,
_eauthor.
_96009
245 0 0 _aReal-World nursing survival guide :
_bCritical care & emergency nursing /
_cLori Schumacher, Cynthia Chernecky.
264 1 _aSt. Louis, Mo. :
_bElsevier Saunders,
_c©2006.
300 _axvi, 430 pages :
_cillustrations (some color) ;
_b23 cm.
336 _atext
_2rdacontent
337 _aunmediated
_2rdamedia
338 _avolume
_2rdacarrier
650 0 _aIntensive care nursing.
_95956
650 0 _aEmergency nursing.
_96010
942 _2lcc
_cFR
999 _c80780
_d80779